Random Telugu Words #3 - Statistics

General Stats
  • This quiz has been taken 58 times
  • The average score is 15 of 24
Answer Stats
Telugu Word English Answer % Correct
Pilliపిల్లి Cat
92%
Kukkaకుక్క Dog
88%
Kurcīకుర్చీ Chair
86%
Duppaṭiదుప్పటి Blanket
78%
Agniఅగ్ని Fire
78%
Kōpaṁకోపం Anger
73%
Rājyaṁరాజ్యం Kingdom
71%
Meṭluమెట్లు Stairs
71%
Rāṣṭraṁరాష్ట్రం State
71%
Nalupuనలుపు Black
69%
Kōḍiకోడి Chicken
69%
Lāguలాగు Pull
69%
Sanskr̥taṁసంస్కృతం Sanskrit
67%
Ākuఆకు Leaf
65%
Nadiనది River
65%
Samayaṁసమయం Time
61%
Uttaraఉత్తర North
55%
Kuḍiకుడి Right
49%
Āṅgladēśaṁ ఆంగ్లదేశం England
47%
Saras'suసరస్సు Lake
35%
Goḍḍaliగొడ్డలి Ax
31%
Yantraṁయంత్రం Machine
31%
Asāyamuఅసహ్యము Disgust
27%
Bhāsvaraṁభాస్వరం Phosphorus
6%
No matching quizzes found
Score Distribution
Percent of People with Each Score
Percentile by Number Answered
Your Score History
You have not taken this quiz